[Event "IND-ch U11 30th"]
[Site "India"]
[Date "2016.07.02"]
[Round "7"]
[White "Pati, Spandan"]
[Black "Manish, Kumar7777"]
[Result "1/2-1/2"]
[WhiteElo "1317"]
[BlackElo "1675"]
[PlyCount "76"]
[EventDate "2016.06.28"]
[EventType "swiss"]
[EventRounds "11"]
[EventCountry "IND"]
[SourceTitle "CBM 173 Extra"]
[Source "ChessBase"]
[SourceDate "2016.08.29"]
[SourceVersion "1"]
[SourceVersionDate "2016.08.29"]
[SourceQuality "1"]

1. e4 e5 2. Nf3 Nc6 3. Bc4 Nf6 4. Ng5 d5 5. exd5 Na5 6. Bb5+ c6 7. dxc6 bxc6 8. Be2 h6 9. Nf3 e4 10. Ne5 Bd6 11. Ng4 0-0 12. Nc3 Nxg4 13. Bxg4 f5 14. Be2 Qc7 15. h3 Bd7 16. 0-0 Rae8 17. d3 Bc8 18. Re1 exd3 19. Bxd3 Rxe1+ 20. Qxe1 f4 21. Bd2 Nb7 22. Ne4 Be5 23. Bc3 Bxc3 24. Qxc3 f3 25. Bf1 Nd8 26. Rd1 Ne6 27. Rd6 Nd8 28. Rd3 fxg2 29. Bxg2 Bf5 30. Re3 Bxe4 31. Rxe4 Kh8 32. Rc4 Rf6 33. b4 Qf7 34. Qd3 Ne6 35. Rxc6 Rxf2 36. Rxe6 Rxg2+ 37. Kxg2 Qxe6 38. c4 Qa6 1/2-1/2

[Event "IND-ch U11 30th"]
[Site "India"]
[Date "2016.07.01"]
[Round "6"]
[White "Harshad, S."]
[Black "Pati, Spandan"]
[Result "0-1"]
[WhiteElo "1526"]
[BlackElo "1317"]
[PlyCount "104"]
[EventDate "2016.06.28"]
[EventType "swiss"]
[EventRounds "11"]
[EventCountry "IND"]
[SourceTitle "CBM 173 Extra"]
[Source "ChessBase"]
[SourceDate "2016.08.29"]
[SourceVersion "1"]
[SourceVersionDate "2016.08.29"]
[SourceQuality "1"]

1. e4 c5 2. Nf3 d6 3. d4 cxd4 4. Nxd4 Nf6 5. Nc3 a6 6. Bg5 e6 7. f4 Be7 8. Qf3 Qc7 9. 0-0-0 h6 10. Bxf6 gxf6 11. f5 h5 12. Qg3 Kf8 13. fxe6 fxe6 14. Qh3 Kf7 15. Be2 Nc6 16. Bxh5+ Kf8 17. Qf3 Ne5 18. Qe2 b5 19. Bg4 Kf7 20. Bh5+ Kf8 21. g4 b4 22. Nb1 Bd7 23. Rhf1 Nc6 24. Qc4 Qc8 25. Nf5 d5 26. exd5 exf5 27. dxc6 Be6 28. Qe2 fxg4 29. Bg6 Rh6 30. Be4 Qc7 31. Rd2 Bd6 32. Qe3 Kg7 33. Rff2 Rxh2 34. Rxh2 Bxh2 35. Bg2 Re8 36. Rd4 a5 37. Nd2 Be5 38. Re4 Bf5 39. Qe2 Bxe4 40. Bxe4 f5 41. c3 Bf4 42. Qd3 Rxe4 43. Qd7+ Qxd7 44. cxd7 Re1+ 45. Kc2 Bc7 46. cxb4 g3 47. bxa5 Bxa5 48. b4 Bd8 49. a4 Re2 50. Kd1 Rxd2+ 51. Kxd2 g2 52. a5 g1Q 0-1